Materials in Dentistry : (Record no. 17273)
[ view plain ]
| 000 -LEADER | |
|---|---|
| fixed length control field | 00749cam a22002294a 4500 |
| 001 - CONTROL NUMBER | |
| control field | 12255010 |
| 005 - DATE AND TIME OF LATEST TRANSACTION | |
| control field | 20130210114345.0 |
| 008 - FIXED-LENGTH DATA ELEMENTS--GENERAL INFORMATION | |
| fixed length control field | 001212s2001 paua b 001 0 eng |
| 010 ## - LIBRARY OF CONGRESS CONTROL NUMBER | |
| LC control number | 00069159 |
| 020 ## - INTERNATIONAL STANDARD BOOK NUMBER | |
| International Standard Book Number | 0781727332 (pbk.) |
| 082 00 - DEWEY DECIMAL CLASSIFICATION NUMBER | |
| Classification number | 617.695 |
| Edition number | 21 |
| Item number | FER |
| 100 1# - MAIN ENTRY--PERSONAL NAME | |
| Personal name | Ferracane, Jack L. |
| 9 (RLIN) | 32536 |
| 245 10 - TITLE STATEMENT | |
| Title | Materials in Dentistry : |
| Remainder of title | Principles and Applications / |
| Statement of responsibility, etc | Jack L. Ferracane. |
| 250 ## - EDITION STATEMENT | |
| Edition statement | 2nd ed. |
| 260 ## - PUBLICATION, DISTRIBUTION, ETC. (IMPRINT) | |
| Place of publication, distribution, etc | Philadelphia : |
| Name of publisher, distributor, etc | Lippincott Williams & Wilkins, |
| Date of publication, distribution, etc | c2001. |
| 300 ## - PHYSICAL DESCRIPTION | |
| Extent | xiv, 354 p. : |
| Other physical details | ill. ; |
| Dimensions | 26 cm. |
| 504 ## - BIBLIOGRAPHY, ETC. NOTE | |
| Bibliography, etc | Includes bibliographical references and index. |
| 650 #0 - SUBJECT ADDED ENTRY--TOPICAL TERM | |
| Topical term or geographic name as entry element | Dental materials. |
| 9 (RLIN) | 32537 |
| 653 ## - INDEX TERM--UNCONTROLLED | |
| Resource For college | |
| Arrived date list | February2013 |
| 906 ## - LOCAL DATA ELEMENT F, LDF (RLIN) | |
| a | 7 |
| b | cbc |
| c | orignew |
| d | 1 |
| e | ocip |
| f | 20 |
| g | y-gencatlg |
| 942 ## - ADDED ENTRY ELEMENTS (KOHA) | |
| Source of classification or shelving scheme | Dewey Decimal Classification |
| Item type | |
| Withdrawn status | Item status | Source of classification or shelving scheme | Damaged status | Not for loan | Vendor | Home library | Current library | Shelving location | Date acquired | Source of acquisition | Total Checkouts | Full call number | Barcode | Date last seen | Koha item type | Date last borrowed |
|---|---|---|---|---|---|---|---|---|---|---|---|---|---|---|---|---|
| Dewey Decimal Classification | Baccah | Central Library | Central Library | First floor | 10/02/2013 | 617.695 FER | 000028098 | 15/07/2025 | Book - Borrowing | |||||||
| Dewey Decimal Classification | Baccah | Central Library | Central Library | First floor | 10/02/2013 | 617.695 FER | 000028099 | 15/07/2025 | Book - Borrowing | |||||||
| Dewey Decimal Classification | Baccah | Central Library | Central Library | First floor | 10/02/2013 | 1 | 617.695 FER | 000028100 | 15/07/2025 | Book - Borrowing | 26/02/2019 | |||||
| Dewey Decimal Classification | Baccah | Central Library | Central Library | First floor | 10/02/2013 | 617.695 FER | 000028101 | 15/07/2025 | Book - Borrowing | |||||||
| Dewey Decimal Classification | Baccah | Central Library | Central Library | First floor | 10/02/2013 | 617.695 FER | 000028102 | 15/07/2025 | Book - Borrowing |